000 00237nam a2200097Ia 4500
008 190216s9999||||xx |||||||||||||| ||und||
100 _aNull
245 0 _aHindi-Sandip Rama Manthika
260 _b"Dorling Kindersley , London"
942 _cBK
999 _c18315
_d18315